000 00948nam a2200301Ia 4500
001 dia_1546
003 CHAP
005 20251021152110.0
008 220117s1971 xx 000 0 und d
010 _a172089
040 _cCHAP
082 _a621.56 R44 1971
110 _aGEA GRADE Grasso Adearest
_9150974
245 _aRefrigeración : equipos /
_c GEA GRADE Grasso Adearest
260 _aNetherlands :
_b Grasso,
_c1971
300 _a2 t.
500 _aHay información en inglés \ Es material fotocopiado
590 _aTP492 R44 1971
650 _aCooling systems
_9147451
650 _aRefrigeración
_xManuales
_9150975
650 _aRefrigeration
_xHandbooks, manuals, etc.
650 _aSistemas de refrigeración
_9147453
710 _aGEA GRADE Grasso Adearest
_9150974
901 _a621.56 R44 1971
902 _aM
905 _a5232271971 ne amn 8122223322spa16
942 _cLIBRO
_2ddc
999 _c172089
_d172089